| 000 | 00702nam a2200229Ia 4500 | ||
|---|---|---|---|
| 003 | GCL | ||
| 008 | 140319s9999 xx 000 0 ara d | ||
| 040 |
_aGCL / _cGCL |
||
| 082 | 0 | 4 |
_a530.11 _bا ن |
| 100 | 1 | _aرمسيس شحاته | |
| 245 | 1 | 0 |
_aالنسبية النظرية الخاصة والعامة / _cرمسيس شحاته |
| 700 | 1 | _aاينشتين, البرت | |
| 700 | 1 | _aمحمد مرسى احمد | |
| 260 |
_a[S.N] : _bنهضة مصر للطباعة والنشر والتوزيع |
||
| 300 | _a159 | ||
| 490 | _a | ||
| 650 | 0 | 4 | _aالفيزياء |
| 650 | 0 | 4 | _aالنسبية |
| 650 | 0 | 4 | _aالجاذبية الارضية |
| 650 | 0 | 4 | _aنظرية الكم |
| 942 |
_2ddc _cBK |
||
| 999 |
_c31332 _d31332 |
||